000 00726nam a2200253Ia 4500
003 OSt
005 20220926004916.0
006 a|||||r|||| 00| 0
007 ta
008 220923b |||||||| |||| 00| 0 eng d
020 _a9789386062710
037 _cGeneral Book
040 _aRTL
_cRTL
_beng
041 _2eng
_aeng
082 _aX:9, Q7
100 _aBHATTACHARYYA Dipak Kumar
_9263314
245 0 _aHR analytics
_b Understanding theories and applications
260 _a New Delhi
_bSage
_c2017
300 _a215p
_ccm.
490 _aSign, Storage Transmission
500 _aBibliography: 245-260p.
942 _hX:9, Q7
_cGB
_2CC
999 _c612549
_d612549